000 00631nam a2200205 i 4500
001 79117
003 ES-MaACL
005 20230906173913.0
007 t|
008 041019s1980 sp ||||1| spa d
100 1 _aHenao, Gabriel de.
_962507
245 1 0 _aAveriguaciones de las antigüedades de Cantabria /
_cGabriel de Henao.
260 _aBilbao :
_bGran Enciclopedia Vasca,
_c1980.
300 _a7 v. ;
_c23 cm.
534 _pReprod. facs. de la ed. de:
_aTolosa: E. López, 1894.
655 7 _2tgfbne
_9226495
_aFacsímiles
852 _aES-MaACL
_jL-313-19
_bR.101071
942 _2udc
999 _c79117
_d79117